000 00297nam a22001337a 4500
008 171013b xxu||||| |||| 00| 0 eng d
020 _a0534028144
041 _aeng
080 _22ND
_a316
100 _a51
101 _aSOC
245 _aANALYZING SOCIAL SETTINGS
_cLOFLAND,J
942 _2udc
_cBK
999 _c33692
_d33692